Spell the Marvel Character #103 - Statistics

General Stats
  • This quiz has been taken 26 times
  • The average score is 13 of 15
Answer Stats
Picture Answer % Correct
Ant-Man
100%
Captain Marvel
100%
Iron Man
100%
Punisher
100%
Thor
100%
Rocket Raccoon
95%
Angel
89%
Cyclops
89%
Ms. Marvel
89%
Nightcrawler
89%
America Chavez
84%
Invisible Woman
84%
Echo
74%
Captain America
68%
Aurora
53%
No matching quizzes found
Score Distribution
Percent of People with Each Score
Percentile by Number Answered
Your Score History
You have not taken this quiz